000
00277nam a2200109Ia 4500
008
190914s9999||||xx |||||||||||||| ||und||
100
_a
Robert G. Freeman
245
0
_a
ORACLE Database 10g New Features
260
_a
Canada
_b
Tata McGraw Hill
_c
1975
300
_a
230
942
_c
BK
999
_c
9718
_d
9718